Human resource management in hospitals. --3rd ed. -- (Record no. 76241)

MARC details
000 -LEADER
fixed length control field 01374nam a2200229 a 4500
008 - FIXED-LENGTH DATA ELEMENTS--GENERAL INFORMATION
fixed length control field 080212s2000 ||||||||||||||||| || u
020 ## - INTERNATIONAL STANDARD BOOK NUMBER
International Standard Book Number 8120316142
050 ## - LIBRARY OF CONGRESS CALL NUMBER
Classification number HF 5549 Goy
100 ## - MAIN ENTRY--PERSONAL NAME
Personal name Goyal, R. C
245 10 - TITLE STATEMENT
Title Human resource management in hospitals. --3rd ed. --
Statement of responsibility, etc. R. C. Goyal
250 ## - EDITION STATEMENT
Edition statement 3rd ed.
260 ## - PUBLICATION, DISTRIBUTION, ETC.
Place of publication, distribution, etc. New Delhi
Name of publisher, distributor, etc. Prentice Hall of India
Date of publication, distribution, etc. 2000
300 ## - PHYSICAL DESCRIPTION
Extent xvii, 386 pages : illustrations
350 ## -
-- 0.00
650 #0 - SUBJECT ADDED ENTRY--TOPICAL TERM
Topical term or geographic name entry element MANAGEMENT
650 ## - SUBJECT ADDED ENTRY--TOPICAL TERM
Topical term or geographic name entry element PERSONNEL MANAGEMENT, HOSPITALS
995 ## -
-- MAIN LIBRARY OPEN ACCESS
-- 0.00
-- 738432
-- CBU-MAIN LIBRARY (Kitwe)
-- 1
-- 0.00
-- HF 5549 Goy
-- 1
-- AVAILABLE
-- Feb 12, 2008
-- 738432
-- Main Library Open Access Collection
995 ## -
-- MAIN LIBRARY OPEN ACCESS
-- 0.00
-- 738434
-- CBU-MAIN LIBRARY (Kitwe)
-- 1
-- 0.00
-- HF 5549 Goy
-- 3
-- AVAILABLE
-- Feb 12, 2008
-- 738434
-- Main Library Open Access Collection
995 ## -
-- ANNEX COLLECTION (Main Library)
-- 0.00
-- 738433
-- CBU-MAIN LIBRARY (Kitwe)
-- 1
-- 0.00
-- HF 5549 Goy
-- 2
-- AVAILABLE
-- Feb 12, 2008
-- 738433
-- Annex Low-Usage Collection
995 ## -
-- ANNEX COLLECTION (Main Library)
-- 0.00
-- 738436
-- CBU-MAIN LIBRARY (Kitwe)
-- 1
-- 0.00
-- HF 5549 Goy
-- 5
-- AVAILABLE
-- Feb 12, 2008
-- 738436
-- Annex Low-Usage Collection
995 ## -
-- ANNEX COLLECTION (Main Library)
-- 0.00
-- 738435
-- CBU-MAIN LIBRARY (Kitwe)
-- 1
-- 0.00
-- HF 5549 Goy
-- 4
-- AVAILABLE
-- Feb 12, 2008
-- 738435
-- Annex Low-Usage Collection
999 ## -
-- 76241
-- 76241
Holdings
Withdrawn status Lost status Source of classification or shelving scheme Damaged status Not for loan Permanent Location Current Location Shelving location Date acquired Total Checkouts Full call number Barcode Date last seen Copy number Price effective from Koha item type
          CBU-MAIN LIBRARY, KITWE. CBU-MAIN LIBRARY, KITWE.   04/25/2023   HF 5549 Goy 738432 04/25/2023 1 04/25/2023 MONOGRAPH
          CBU-MAIN LIBRARY, KITWE. CBU-MAIN LIBRARY, KITWE.   04/25/2023   HF 5549 Goy 738434 04/25/2023 2 04/25/2023 MONOGRAPH
Withdrawn         CBU-MAIN LIBRARY, KITWE. CBU-MAIN LIBRARY, KITWE.   04/25/2023   HF 5549 Goy 738433 04/25/2023 3 04/25/2023 MONOGRAPH
          CBU-MAIN LIBRARY, KITWE. CBU-MAIN LIBRARY, KITWE.   04/25/2023   HF 5549 Goy 738436 04/25/2023 4 04/25/2023 MONOGRAPH
          CBU-MAIN LIBRARY, KITWE. CBU-MAIN LIBRARY, KITWE.   04/25/2023   HF 5549 Goy 738435 04/25/2023 5 04/25/2023 MONOGRAPH